[Event "Yerevan op 2nd"]
[Site "Yerevan"]
[Date "2017.09.20"]
[Round "2"]
[White "Gevorgyan, Anahit"]
[Black "Yeremyan, Alen"]
[Result "0-1"]
[WhiteElo "1723"]
[BlackElo "2060"]
[PlyCount "110"]
[EventDate "2017.09.19"]
[EventType "swiss"]
[EventRounds "9"]
[EventCountry "ARM"]
[SourceTitle "CBM 180 Extra"]
[Source "ChessBase"]
[SourceDate "2017.10.06"]
[SourceVersion "1"]
[SourceVersionDate "2017.10.06"]
[SourceQuality "1"]

1. f4 Nf6 2. e3 d6 3. Nf3 c5 4. Be2 g6 5. b3 Bg7 6. Bb2 0-0 7. 0-0 b6 8. c4 Bb7 9. Qe1 Nc6 10. Nc3 e5 11. fxe5 dxe5 12. Qh4 e4 13. Ng5 h6 14. Ncxe4 Nxe4 15. Bxg7 Qxg5 16. Qxg5 hxg5 17. Bxf8 Rxf8 18. d3 Nd6 19. Bf3 Kg7 20. g4 Re8 21. Rae1 Ne5 22. Be2 Nc6 23. Kf2 Rh8 24. Kg3 Re8 25. Kf2 Nb4 26. e4 f6 27. a3 Nc6 28. Rb1 a5 29. Kg3 Nf7 30. Rf2 Nfe5 31. Bf1 Rd8 32. Rd2 f5 33. gxf5 gxf5 34. exf5 Nd4 35. Bh3 Kf6 36. b4 axb4 37. axb4 Ne2+ 38. Kf2 Nc3 39. Rbb2 Rxd3 40. Bg2 Nd1+ 41. Rxd1 Rxd1 42. Ke2 Rd7 43. Bxb7 Rxb7 44. bxc5 Nxc4 45. Rb4 b5 46. c6 Rc7 47. Rxb5 Rxc6 48. Kf2 Nd6 49. Rb4 Nxf5 50. Kf3 Kg6 51. Kg4 Nh6+ 52. Kg3 Kh5 53. h3 Nf5+ 54. Kf3 Nh4+ 55. Kg3 Rc2 0-1